MARC

LEADER 00000nam0a2200000 4500
001 365645
005 20231102011814.0
035 |a (RuTPU)RU\TPU\retro\23008 
090 |a 365645 
100 |a 20220117d1981 m y0rusy50 ca 
101 0 |a rus 
102 |a RU 
105 |a a j 001zy 
200 1 |a Оператор магистральных газопроводов  |e учебник для среднего профессионально-технического образования  |f В. В. Громов, В. И. Козловский 
210 |a Москва  |c Недра  |d 1981 
215 |a 246 с.  |c ил. 
320 |a Библиогр.: с. 243-244 
606 1 |a Газопроводы магистральные  |x Автоматическое управление  |2 stltpush  |3 (RuTPU)RU\TPU\subj\5145  |9 33289 
610 1 |a учебники 
610 1 |a операторы 
610 1 |a требования 
610 1 |a оборудование 
610 1 |a компрессорные станции 
610 1 |a газораспределительные станции 
610 1 |a подземные газохранилища 
610 1 |a режим работы 
610 1 |a эксплуатация 
610 1 |a техническая документация 
610 1 |a охрана труда 
675 |a 622.691.4:658*(075.3)  |v 4 
700 1 |a Громов  |b В. В.  |g Виктор Васильевич 
701 1 |a Козловский  |b В. И.  |g Виталий Иванович 
801 1 |a RU  |b 63413507  |c 20220117 
942 |c BK